Clínica mental : mig segle : 1930 - 1980 mig segle :
Descripción Física:
V, 99, [44] f. ; 30 cm
MARC
| LEADER | 00000nam a2200000Ia 4500 | ||
|---|---|---|---|
| 001 | 22957 | ||
| 008 | 160829s1982 xx 000 0 cat d | ||
| 080 | |a S-1-322 | ||
| 245 | |a Clínica mental : |b mig segle : |b 1930 - 1980 | ||
| 260 | |a Barcelona : |b Diputació de Barcelona, |c 1982 | ||
| 300 | |a V, 99, [44] f. ; |c 30 cm | ||
| 590 | |a Originals. | ||
| 590 | |a Fulls solts dins d'un sobre. | ||
| 590 | |a Núm. de full registral: 4766 | ||
| 650 | |a Recinte Torribera (Santa Coloma de Gramenet) |x Història |9 39851 | ||
| 650 | |a Recinte Torribera (Santa Coloma de Gramenet) |x Congressos |9 39852 | ||
| 710 | 1 | |a Barcelona (Catalunya : Província). |b Servei de Psiquiatria |9 54514 | |
| 901 | |a Arxiu | ||
| 942 | |n 1 | ||
| 952 | |0 0 |1 0 |4 0 |6 S1322 |7 1 |9 49273 |a Arxiu |b Arxiu |d 2016-12-01 |l 0 |o S-1-322 |p 22957 |r 2016-12-01 00:00:00 |w 2016-12-01 |y ARXIU | ||
| 999 | |c 53115 |d 53115 | ||